000 00710nam a2200241Ia 4500
003 OSt
005 20221005073109.0
006 a|||||r|||| 00| 0
007 ta
008 221004b |||||||| |||| 00| 0 eng d
024 _a60335
037 _cTextual
040 _aCRL
_cCRL
_beng
041 _2eng
_aeng
082 _aV2:51.N7, M9
100 _aHarvani Ansar
_9100124
245 0 _aBefore freedom and after
_b Personal recollections of one of the key witnesses of Indian events over the last half of a century.
260 _aNew Delhi
_bGian
_c1989
300 _a226p.
_ccm.
650 _aHISTORY
942 _hV2:51.N7, M9
_cTEXL
_2cc
999 _c980555
_d980555